<?xml version="1.0" encoding="UTF-8"?>
<record
    xmlns:xsi="http://www.w3.org/2001/XMLSchema-instance"
    xsi:schemaLocation="http://www.loc.gov/MARC21/slim http://www.loc.gov/standards/marcxml/schema/MARC21slim.xsd"
    xmlns="http://www.loc.gov/MARC21/slim">

  <leader>02395nam a22003617a 4500</leader>
  <controlfield tag="001">BRCA_9203</controlfield>
  <controlfield tag="003">FranzMayer</controlfield>
  <controlfield tag="005">20220809134736.0</controlfield>
  <controlfield tag="008">220714b        |||||||| |||| 00| 0 eng d</controlfield>
  <datafield tag="020" ind1=" " ind2=" ">
    <subfield code="a">9780268108052</subfield>
    <subfield code="q">Tapa dura</subfield>
  </datafield>
  <datafield tag="040" ind1=" " ind2=" ">
    <subfield code="b">spa</subfield>
    <subfield code="c">MFM</subfield>
  </datafield>
  <datafield tag="041" ind1=" " ind2=" ">
    <subfield code="a">eng</subfield>
  </datafield>
  <datafield tag="050" ind1="0" ind2="0">
    <subfield code="a">NK4850</subfield>
    <subfield code="b">.S73 2021</subfield>
  </datafield>
  <datafield tag="100" ind1="1" ind2=" ">
    <subfield code="a">Stanfield-Mazzi, Maya Selama,&#x200F;</subfield>
    <subfield code="d">1972-</subfield>
    <subfield code="9">28452</subfield>
  </datafield>
  <datafield tag="245" ind1="1" ind2="0">
    <subfield code="a">Clothing the New World Church :</subfield>
    <subfield code="b">liturgical textiles of Spanish America, 1520-1820 /</subfield>
    <subfield code="c">Maya Stanfield-Mazzi</subfield>
  </datafield>
  <datafield tag="246" ind1="3" ind2="0">
    <subfield code="a">Liturgical textiles of Spanish America, 1520-1820</subfield>
  </datafield>
  <datafield tag="264" ind1=" " ind2="1">
    <subfield code="a">Notre Dame, Indiana :</subfield>
    <subfield code="b">University of Notre Dame Press,</subfield>
    <subfield code="c">[2021]</subfield>
  </datafield>
  <datafield tag="264" ind1=" " ind2="4">
    <subfield code="c">&#xA9;2021</subfield>
  </datafield>
  <datafield tag="300" ind1=" " ind2=" ">
    <subfield code="a">xxi, 408 p. :</subfield>
    <subfield code="b">il., fot., map. ;</subfield>
    <subfield code="c">18.5 x 26 cm. </subfield>
  </datafield>
  <datafield tag="336" ind1=" " ind2=" ">
    <subfield code="a">text</subfield>
    <subfield code="b">txt</subfield>
    <subfield code="2">rdacontent</subfield>
  </datafield>
  <datafield tag="336" ind1=" " ind2=" ">
    <subfield code="a">still image</subfield>
    <subfield code="b">sti</subfield>
    <subfield code="2">rdacontent</subfield>
  </datafield>
  <datafield tag="337" ind1=" " ind2=" ">
    <subfield code="a">unmediated</subfield>
    <subfield code="b">n</subfield>
    <subfield code="2">rdamedia</subfield>
  </datafield>
  <datafield tag="338" ind1=" " ind2=" ">
    <subfield code="a">volume</subfield>
    <subfield code="b">nc</subfield>
    <subfield code="2">rdacarrier</subfield>
  </datafield>
  <datafield tag="500" ind1=" " ind2=" ">
    <subfield code="a">Ubicaci&#xF3;n: L59-N5</subfield>
  </datafield>
  <datafield tag="500" ind1=" " ind2=" ">
    <subfield code="a">Incluye im&#xE1;genes de piezas del Museo Franz Mayer (pp. 97-99)</subfield>
  </datafield>
  <datafield tag="504" ind1=" " ind2=" ">
    <subfield code="a">Bibliograf&#xED;a: pp. 351-374</subfield>
  </datafield>
  <datafield tag="520" ind1=" " ind2=" ">
    <subfield code="a">El libro brinda el primer estudio amplio de los textiles eclesi&#xE1;sticos de Hispanoam&#xE9;rica y demuestra que, aunque se les pas&#xF3; por alto, los textiles eran una parte vital de la cultura visual en la Iglesia Cat&#xF3;lica. Cuando se construyeron las iglesias cat&#xF3;licas en el Nuevo Mundo en el siglo XVI, estaban equipados con ricos textiles conocidos como "ropa de iglesia". Estos ornamentos textiles cubr&#xED;an los altares, escaleras, pisos y paredes de las iglesias. Las vestiduras vest&#xED;an a los sacerdotes y asistentes de las iglesias. El valor atribuido a estos textiles, su uso constante, y sus asombrosas cualidades visuales sugieren que desempe&#xF1;aron un papel mucho m&#xE1;s importante en la creaci&#xF3;n de la Iglesia latinoamericana de lo que se ha reconocido previamente. Stanfield-Mazzi profundiza en las cualidades h&#xED;bridas o mestizas de estas telas y argumenta que cuando los tejedores o bordadores locales en las Am&#xE9;ricas crearon textiles para iglesias lo hicieron conscientemente, entendiendo que estaban creando una nueva iglesia a trav&#xE9;s de su trabajo.</subfield>
    <subfield code="c">Proporcionado por el editor.</subfield>
  </datafield>
  <datafield tag="650" ind1=" " ind2="0">
    <subfield code="a">Textiles</subfield>
    <subfield code="x">Historia</subfield>
    <subfield code="9">11400</subfield>
  </datafield>
  <datafield tag="650" ind1=" " ind2="0">
    <subfield code="a">Vestiduras lit&#xFA;rgicas</subfield>
    <subfield code="z">Am&#xE9;rica Latina</subfield>
    <subfield code="x">Arte</subfield>
    <subfield code="x">Historia</subfield>
    <subfield code="9">28453</subfield>
  </datafield>
  <datafield tag="650" ind1=" " ind2="0">
    <subfield code="a">Arte y simbolismo cristiano </subfield>
    <subfield code="z">Am&#xE9;rica Latina</subfield>
    <subfield code="x">Historia</subfield>
    <subfield code="9">28454</subfield>
  </datafield>
  <datafield tag="942" ind1=" " ind2=" ">
    <subfield code="2">lcc</subfield>
    <subfield code="c">B</subfield>
  </datafield>
  <datafield tag="999" ind1=" " ind2=" ">
    <subfield code="c">10822</subfield>
    <subfield code="d">10822</subfield>
  </datafield>
  <datafield tag="952" ind1=" " ind2=" ">
    <subfield code="0">0</subfield>
    <subfield code="1">0</subfield>
    <subfield code="2">lcc</subfield>
    <subfield code="4">0</subfield>
    <subfield code="7">0</subfield>
    <subfield code="a">BRCA</subfield>
    <subfield code="b">BRCA</subfield>
    <subfield code="d">2022-07-14</subfield>
    <subfield code="l">0</subfield>
    <subfield code="o">NK4852.2 .S73 2021</subfield>
    <subfield code="p">CONT9982</subfield>
    <subfield code="r">2022-07-14 00:00:00</subfield>
    <subfield code="w">2022-07-14</subfield>
    <subfield code="y">B</subfield>
  </datafield>
</record>
